00370nam a2200133Ia 4500008004100000041001200041082002100053100002100074245004100095250001200136260003900148300001200187650003700199231217s9999 xx 000 0 und d aEnglish a370.15 SOM;1 R aSomashekar, T V. 0aEducational psycology and evaluation a3rd ed. c2008bNirmala PrakshanaaBangalore avi, 379 aEducational,psycology,evaluation